| 000 | 01113nam a22003135i 4500 | ||
|---|---|---|---|
| 999 |
_c28848 _d28819 |
||
| 001 | 013367201 | ||
| 003 | EG-ScBUE | ||
| 005 | 20200927123548.0 | ||
| 008 | 051221t20062006njua f b 001 0 eng d | ||
| 020 | _a0130613088 (pbk.) | ||
| 020 | _a9780130613080 (pbk.) | ||
| 040 |
_aEG-ScBUE _beng _erda _cEG-ScBUE _dEG-ScBUE |
||
| 082 | 0 | 4 |
_a005.432 _bSCH _222 |
| 100 | 1 |
_aScwartz, David I., _eauthor. |
|
| 245 | 0 |
_aIntroduction to UNIX / _cDavid I. Schwartz, Department of Engineering, Cornell University, Ithaca, NY. |
|
| 250 | _aSecond edition. | ||
| 264 | 1 |
_aUpper Saddle River, New Jersey : _bPrentice Hall / Pearson Education, _c[2006] |
|
| 264 | 4 | _cc2006 | |
| 300 |
_axxiv, 248 pages : _billustrations ; _c28 cm. |
||
| 336 |
_atext _btxt _2rdacontent |
||
| 337 |
_aunmediated _bn _2rdamedia |
||
| 338 |
_avolume _bnc _2rdacarrier |
||
| 490 | 0 |
_aESource. _aPrentice Hall engineering source. |
|
| 504 | _aIncludes bibliographical references and index. | ||
| 630 | 7 |
_aUNIX (Computer file) _2BUEsh _937251 |
|
| 650 | 7 |
_aOperating systems (Computers) _2BUEsh |
|
| 653 |
_bCOMSCI _cSeptember2020 |
||
| 942 |
_2ddc _cBB |
||